000 00941cam a2200289 a 4500
001 533
005 20230929113858.0
020 _a0689814631 (alk. paper)
040 _aDLC
_cDLC
_dDLC
_beng
050 0 0 _aPZ7.H83727
_bBut 1999
082 0 0 _a813.5
_221
100 1 _aHowe, James,
_d1946-
245 1 0 _aBunnicula strikes again! /
_cJames Howe ; illustrations by Alan Daniel.
260 _aNew York :
_bSimon & Schuster
_c1999
300 _aix, 116 pages :
_billustrations ;
_c22 cm.
505 _aQ
520 _aWhen Bunnicula the rabbit starts acting strangely, the Monroe dogs and cat renew their suspicions that he is a vampire.
521 _a860
_bLexile
521 _aQ
_bRaz-Plus
650 1 _aDogs
_vFiction.
650 1 _aCats
_vFiction.
650 1 _aRabbits
_vFiction.
650 1 _aVampires
_vFiction.
700 1 _aDaniel, Alan,
_d1939-
_eill.
906 _a7
_bcbc
_corignew
_d1
_eocip
_f19
_gy-gencatlg
942 _2ddc
_cBK
_n0
999 _c533
_d533